LIBRARY & INFORMATION CENTRE, KCAET, TAVANUR

ONLINE PUBLIC ACCESS CATALOGUE (OPAC)

Normal view MARC view
  • Swaminathan, M

Entry Personal Name

Number of records used in: 4

001 - CONTROL NUMBER

  • control field: 176

003 - CONTROL NUMBER IDENTIFIER

  • control field: OSt

005 - DATE AND TIME OF LATEST TRANSACTION

  • control field: 20141210145726.0

008 - FIXED-LENGTH DATA ELEMENTS

  • fixed length control field: 141210|| aca||aabn | a|a d

040 ## - CATALOGING SOURCE

  • Original cataloging agency: OSt
  • Transcribing agency: OSt

100 ## - HEADING--PERSONAL NAME

  • Personal name: Swaminathan, M

670 ## - SOURCE DATA FOUND

  • Source citation: Work cat.: (OSt): Swaminathan, M , Advanced Text Book on Food & Nutrition Vol. 1 Fundamental Aspects, 2003
free website counter